Elementary Analytical Mechanics (Record no. 10244)

MARC details
000 -LEADER
fixed length control field 00435nam a2200169Ia 4500
008 - FIXED-LENGTH DATA ELEMENTS--GENERAL INFORMATION
fixed length control field 230524s9999 xx 000 0 und d
082 ## - DEWEY DECIMAL CLASSIFICATION NUMBER
Classification number 642.321
Item number BOS
100 ## - MAIN ENTRY--AUTHOR NAME
Personal name Sujit Ku.Bose
245 #0 - TITLE STATEMENT
Title Elementary Analytical Mechanics
250 ## - EDITION STATEMENT
Edition statement 1st
260 ## - PUBLICATION, DISTRIBUTION, ETC. (IMPRINT)
Place of publication NEW DELHI
Name of publisher Narosa
Year of publication 2000
300 ## - PHYSICAL DESCRIPTION
Number of Pages XIII;455
500 ## - GENERAL NOTE
General note Quantity Number: 1
650 ## - SUBJECT ADDED ENTRY--TOPICAL TERM
Topical Term Mechanics
700 ## - ADDED ENTRY--PERSONAL NAME
Personal name " Devidas ,Chottoraj,,,"
942 ## - ADDED ENTRY ELEMENTS (KOHA)
Koha item type Books
Holdings
Lost status Damaged status Permanent Location Current Location Shelving location Date acquired Full call number Accession Number Koha item type
    Central Library, Trident Academy of Technology Central Library, Trident Academy of Technology General Stacks 05/24/2023 642.321 BOS 6657 Books
Trident Academy of Technology © 2023.
All rights reserved.                                                                                                                                                                                                        Designed by Team of Central Library .

Powered by Koha